| 000 | 00849nam a2200289Ia 4500 | ||
|---|---|---|---|
| 001 | Z_1338 | ||
| 003 | CHAP | ||
| 008 | 220113s1984 xx 000 0 und d | ||
| 010 | _a164426 | ||
| 040 | _cCHAP | ||
| 090 | _aTesis S 307 | ||
| 100 |
_aSosa Montes, Esther _9108817 |
||
| 245 |
_aAlgunas consideraciones nutricionales y químicas de sorgos con diferente contenido de taninos / _cpor Esther Sosa Montes |
||
| 260 |
_aChapingo, Méx. : _bEl autor, _c1984 |
||
| 300 | _a104 h. | ||
| 502 | _aTesis (M.C. Esp. en Ganadería) -- C.P. Centro de Ganadería | ||
| 650 |
_aAves de corral _xAlimentación _98638 |
||
| 650 |
_aSorgo como forraje _9108743 |
||
| 650 |
_aSorgo _xValor nutritivo _9108733 |
||
| 650 |
_aTaninos _9111590 |
||
| 901 | _aTESIS S 307 | ||
| 902 | _aM | ||
| 910 | _a1984 | ||
| 942 | _c2 | ||
| 942 | _c2 | ||
| 999 |
_c164426 _d164426 |
||